000 00512nam a2200181Ia 4500
001 3933
005 20260306145719.0
008 260306t2007||||xx |||||||||||||| ||spa||
041 _aESP
082 _a305.5633
_bM61
100 _aBebbington, Anthony
_eAUT
245 0 _aMinería, movimientos sociales y respuestas campesinas :
_buna ecología política de transformaciones territoriales
260 _c2007
300 _a349 páginas :
_c20 cm.
650 _aGEN
654 _aCHU
942 _cLIB
_dJUS
_fJUS
_2ddc
_n
999 _c3933
_d3933